000 00906nam a2200277Ia 4500
003 OSt
005 20221002044927.0
006 a|||||r|||| 00| 0
007 ta
008 220930b |||||||| |||| 00| 0 eng d
020 _a9780199335084 (hbk)
_cINR 7500.00
024 _a44350
037 _bBBS/115, 12/03/2019, Better Book Service
_cReference Collections
040 _aCRL
_cCRL
_beng
041 _2eng
_aeng
082 _aD85g, Q8(RR)
100 _aConca Ken Ed.
_9458846
245 0 _aOxford handbook of water politics and policy
260 _aNew York
_bOxford University Press
_c2018
300 _axiv,692p.
_ccm.
650 _a WATER CONSERVATION
_933907
650 _aENGINEERING
700 _a Weinthal Erika Ed.
942 _hD85g, Q8(RR)
_cref
_2CC
999 _c911415
_d911415